00500nam a2200205Ia 450000500170000000800460001702000180006303700100008104000080009104000080009904000080010704100080011504100080012308400080013124500510013926000310019026000090022165000150023085600490024520260306150429.0008 260114s9999 xx 000 0 eng d a9780691197609 aEbook aCRL beng cCRL 2eng aeng qCRL 0aFor Self-Examination and Judge for Yourselves! bPrinceton University Press c1944 aPhilosophy uhttps://www.degruyter.com/isbn/9780691197609